[Event "SLO-chT 12th"]
[Site "Bled"]
[Date "2002.11.18"]
[Round "1"]
[White "Nikolic, Predrag"]
[Black "Atalik, Suat"]
[Result "1-0"]
[WhiteElo "2661"]
[BlackElo "2575"]
[Annotator "Atalik,S"]
[PlyCount "132"]
[EventDate "2002.11.18"]
[EventType "team-tourn"]
[EventRounds "9"]
[EventCountry "SLO"]
[SourceTitle "CBM 092"]
[Source "ChessBase"]
[SourceDate "2003.02.06"]
[SourceVersion "1"]
[SourceVersionDate "2003.02.06"]
[SourceQuality "1"]
[WhiteTeam "Krsko Triglav"]
[BlackTeam "Ptuj"]
[WhiteTeamCountry "SLO"]
[BlackTeamCountry "SLO"]

1. d4 d5 2. c4 c6 3. Nf3 Nf6 4. Nc3 dxc4 5. e3 {An old and nowadays rare
continuation.} b5 6. a4 b4 7. Na2 $6 (7. Nb1 Ba6 8. Nbd2 c3 $1 $11 {equalizes
immediately.}) 7... e6 8. Bxc4 Bb7 9. O-O Nbd7 10. Qe2 c5 {I wanted to have
Bd6 and Qe7 instead of Be7,Qb6.} 11. Bd2 {Predrag spares e1 square for his
bishop thus it will be easier for him to achieve dc5,Nd4,f3,Bf2,e4.There is
only one danger for black in this line namely if white achieves f3 and e4 Bb7
could have become dead.} (11. Ba6 Qb6 12. Bxb7 Qxb7 13. a5 cxd4 14. Nxd4 Bc5
$13) (11. b3 Bd6 12. dxc5 Bxc5 13. Bb2 O-O 14. Nc1 Bd6 $13) 11... a5 12. Nc1
Bd6 {GM Robert Byrne's recipe.} 13. Nb3 O-O 14. Rfc1 $6 $146 {That is new but
does not change the nature of this position.} (14. Rfd1 Qe7 (14... Qb8 15. h3
Rc8 $11 {Andersson-R.Byrne,Biel(zt) 1976}) 15. dxc5 Nxc5 16. Nfd4 Rfd8 17. Be1
(17. f3 $6 Nxb3 18. Nxb3 Qc7 19. h3 Bh2+ 20. Kh1 Be5 $17) 17... Nxb3 18. Bxb3 (
18. Nxb3 Bc7) 18... Rac8 19. Rac1 (19. f3 Qc7) 19... Be5 20. Qb5 Rxc1 21. Rxc1
Bxd4 22. exd4 Ra8 (22... Bd5 23. Bxd5 Rxd5 24. Rc8+ Rd8 25. Qb8 Rxc8 26. Qxc8+
Qe8) 23. f3 Bd5 24. Bd1 $11) 14... Qe7 15. dxc5 Nxc5 16. Nfd4 Nxb3 $1 {Very
good timing!} 17. Bxb3 ({After} 17. Nxb3 Bc7 $40 {was my idea.Somehow in the
resulting position whites kingside looks weakened temporarily.}) 17... Be5 {
All of a sudden whites pieces are misplaced!} 18. Qb5 $8 {White has to force
exchanges since the threat of Qd6 is too big.} (18. f3 $2 Qd6) (18. Be1 $2 Qd6
19. h3 Bxd4 20. exd4 Qxd4) 18... Bxd4 $6 {I have played this impotent move a
little bit too quick.} (18... Bd5 $5 19. Bxd5 Nxd5 20. Rc4 $5 $13 (20. Nc6 Qf6
21. Nxe5 Qxe5 22. Rc2 Rac8 23. Rac1 (23. Rxc8 $6 Rxc8 24. Rc1 Rxc1+ 25. Bxc1 h6
26. Qxa5 Qe4 27. Qa8+ Kh7 28. Qa6 Qc2 29. Qf1 Qxa4 $17) 23... Rxc2 24. Rxc2 Qf5
25. Rc1 Qf6 26. Rc2 $11)) ({After the simple} 18... Nd5 $142 $1 {White is on
the ropes.} 19. Rab1 $1 (19. Bxd5 $2 Bxd5 20. Qd3 (20. Nc6 Qg5 $1 21. e4 Bxc6
22. Rxc6 Bxh2+ 23. Kxh2 Qxd2 $19) 20... Rad8) (19. f3 Qf6 $1) (19. Bd1 Ba6 20.
Qc5 Qf6 21. Bf3 Rfd8 22. Bxd5 (22. Nc6 Bxb2 23. Nxd8 Qxd8 24. Rab1 Bxc1 25.
Rxc1 Rc8 26. Qa7 Rxc1+ 27. Bxc1 Qc7 28. Qa8+ (28. Qxc7 Nxc7 29. Bb2) 28... Qc8
29. Bxd5 (29. Qxc8+ Bxc8 30. Bb2 Bd7 31. Bd1 Nb6) 29... exd5 30. Qxc8+ Bxc8 31.
Bb2 Bd7 32. Bd4 Bxa4 33. Bb6 b3 34. Bd4 Bb5 35. f3 f6 $17 {with very good
chances to win this endgame since black's king may eventually head for both
wings.}) 22... Rxd5 23. Qc6 Rdd8 24. Qe4 Bxd4 25. exd4 Qxd4 26. Qxd4 Rxd4 27.
Be3 $15) (19. Nc6 $2 Bxc6 20. Rxc6 Bxb2) 19... Ba6 20. Qc5 Bd6 (20... Qf6 21.
Bxd5 exd5 22. f4 (22. Qxd5 Bd3 23. Ra1 Rfd8 24. Qb3 Be4 25. f3 Bd5 26. Qd3 Qh4
27. f4 Qg4 28. Qf1 Bf6 $44) 22... Bxd4 23. Qxd4 $15) 21. Qc2 Rac8 22. Qe4 Bb7
23. Bc2 g6 $15) 19. exd4 Bd5 20. Bd1 {Predrag wants to keep c line open where
his chance for counterplay lies.} (20. Bc2 Rfb8 $15) 20... Ne4 21. Be3 Nd6 22.
Qd3 Nf5 23. Rc5 $1 {Now it is not that clear as if black has any advantage
since white has c line and pair of bishops.} Rfd8 24. Rac1 Qf6 25. Rc7 Qg6 $2 {
Another pass move.This game represents a typical sample for my first round
play!} (25... Nh4 26. f3 Nf5 27. Bf2) (25... e5 $5 {It looks illogical but
black has to open the position.} 26. dxe5 Qxe5 27. R1c5 Qe6 (27... Nxe3 28.
fxe3 Qe6 (28... Qg5 29. Bg4 $1 Qxg4 30. Rxd5 $14) 29. Bc2 g6 30. e4 Ba2 31. Qe3
$11) 28. Bc2 Be4 (28... b3 29. Qxf5 bxc2 30. Qxe6 (30. Qxc2 $2 Bb3) 30... Bxe6
31. h3 Bb3 32. Rc3 Rab8 33. R7c5 $11) 29. Qe2 Bxc2 30. Rxc2 Nxe3 31. fxe3 $15)
26. g3 $1 {Draw offer.} ({Predrag rightfully rejects} 26. f3 $2 {because of} e5
$1 27. dxe5 Bxf3 28. Bxf3 Rxd3 29. Bxa8 (29. Rc8+ Rd8 30. Bxa8 Rf8 31. Rxf8+ (
31. Be4 Qe6) 31... Kxf8 32. Rc8+ Ke7 33. Rc7+ Kd8 34. Rc6 Nxe3 $1 35. Rxg6 hxg6
$19) 29... h5 30. R7c6 Qg4 $19) 26... Nxe3 $5 {A very contraversial and risky
attempt.} (26... Qf6 {was my original intention and should keep the balance.}
27. Bh5 g6 28. Bg4 $5 $11 (28. Be2 Kg7 29. Qd2 Be4 30. R1c4 Nxe3 31. Qxe3 Bd5
32. R4c5 $11)) (26... h6 27. R1c5 Qf6 $13) 27. Qxg6 hxg6 28. fxe3 {Now with
whites pawn structure repaired things are looking risky for black.However
since I went deliberately into this position I had something in my mind.} e5 {
That is what I was relying my hopes in.} 29. Kf2 $5 ({Things are not that
clear even after the simple} 29. dxe5 Be6 30. Bf3 Ra6 $8 $44 (30... Rab8 $6 31.
R7c5 b3 32. Rxa5 Rd2 33. Rb1 Bf5 (33... Rbd8 34. Ra8) (33... Rc8 34. Ra8 Rxa8
35. Bxa8 Bc4 36. Bf3) 34. e4 Be6 35. Ra6 $1 Rc8 36. Rd6 Rdc2 37. a5 R2c4 38. a6
Ra4 39. Kf2 $16)) 29... exd4 $6 {As usual the one who exchanges first deprives
himself from better alternatives and undergoes to some bad consequences.This
allows a very critical move named Ke3 down in the line.} (29... Be6 $1 30. Bf3
Rab8 $1 (30... Ra6 $2 31. d5 $1 {The motif which I have missed.} Bd7 (31...
Bxd5 $2 32. Rc8 Rad6 33. Rxd8+ Rxd8 34. Rd1 $18) 32. b3 Kf8 33. Be2 Rf6+ (33...
Rd6 34. e4 Ra8 35. Bb5) 34. Ke1 Rd6 35. e4 Ra8 36. Bb5 $16 Ke7 $140 $2 37. R1c6
$1) 31. R1c5 (31. Rd1 Bb3 32. Rd2 Bxa4 33. Ra7 exd4 34. exd4 Rb5 35. d5 Rd6 36.
Rd4 $44) 31... exd4 32. Rxa5 (32. exd4 $2 Rxd4 33. Ke3 Rbd8) 32... d3 $1 {
Now black has equal chances with his passer.} 33. Bd1 b3 $1 (33... Ra8 $2 34.
Rxa8 Rxa8 35. b3 {looks unpleasant for black.}) 34. e4 (34. Rac5 d2 $5 {
leads to unclear circumstances.} (34... Rb4 35. Ra7)) 34... Rbc8 (34... d2 35.
Ke3 Rb4 36. Raa7 Rdd4 37. Rc3 Rxa4 38. Rxa4 Rxa4 39. Rd3 Ra2 40. Rxd2 $14) 35.
Rac5 Rxc7 36. Rxc7 Ra8 37. Rc3 Rxa4 38. Rxd3 Rxe4 39. Bxb3 Rb4 40. Bxe6 Rxb2+
41. Kf3 fxe6 $11) 30. exd4 $14 {After black has turned down the draw offer and
entered blindfoldly into this ending things are not that clear for him though
still he did not finish his harakiri.Despite of the fact that white is most
likely better by no means the position is resignable.} Be6 $2 {Still going
onto the sword!} ({Rule number one black has to keep both rooks in the game.} 
30... Ra6 $2 31. Rc8 Rf6+ 32. Ke3 Re6+ 33. Kd2 Ree8 34. Rxd8 Rxd8 35. Rc5 Be6
36. Kd3 $18) (30... Kh7 $5 {Thus probably not to allow any exchanges blacks
king should evacuate 8th rank.} 31. Re7 $1 (31. R1c5 Ra6 32. Be2 Rf6+ 33. Ke1
Bb3 34. Rxa5 Rxd4 35. Re7 Rc6 36. Re3 Rc2 $1 37. Bd1 Rc1 38. Rxb3 Rcxd1+ 39.
Ke2 $11) (31. Be2 Rd6 32. R1c5 Re8 33. Rxa5 Rf6+ 34. Ke1 Rfe6 35. Rxd5 Rxe2+
36. Kd1 Rxb2 $40) 31... Ra6 32. Rc5 Rad6 33. Ke3 Be6 34. Bc2 Rxd4 35. Rh5+ Kg8
36. Rxa5 $14 Rd2 $140 37. Re8+ Rxe8 38. Kxd2) (30... Re8 $5 31. Rd7 $1 (31.
R1c5 Rad8 32. Rxa5 Ba2 33. d5 Bxd5 $15) 31... Be6 32. Rd6 Kf8 33. Bf3 Ke7 34.
Rb6 $1 $14 (34. Rdc6 $2 Rac8 35. Rc7+ Kf6 36. R7c5 Rxc5 37. Rxc5 Rc8 38. Ke3
Rxc5 39. dxc5 Ke5 40. h4 (40. Bc6 g5 41. h4 gxh4 42. gxh4 f5) 40... Bd5 41. Bd1
(41. Be2 Bb3) 41... Bc6 42. Bb3 f6 43. Kd3 Be4+ 44. Ke3 Bc6 $11)) 31. Bf3 Rab8
$2 {From now on black went downhill in the game!} ({I was expecting to chase
whites king with} 31... Ra6 {However later I have found out to my horror that
there are more tactics than I have seen in the position.} 32. d5 $1 ({
Predrag's line is not that good for white:} 32. R1c6 Rxc6 33. Rxc6 Rxd4 34. Ke3
Rd7 35. Ra6 Bc4 36. Ra8+ Kh7 37. Rxa5 Rd3+ 38. Kf4 Rd2 39. b3 Bxb3 40. Rb5 Bxa4
(40... Be6 41. Rxb4 Rxh2 42. a5 Ra2 43. Rb5) (40... g5+ 41. Kxg5 (41. Ke3 Ra2
42. Rxb4 Bxa4 43. h4 $11) 41... Rd4) 41. Rxb4 $11 Bd7 42. h4) 32... Bd7 (32...
Bxd5 $2 33. Rc8 Rad6 34. Rxd8+ Rxd8 35. Rd1) 33. Bd1 $1 Kf8 34. R1c5 Ke7 35.
R5c6 $1 $16) 32. Ke3 Bb3 (32... Rb6 33. R1c6 Rxc6 34. Bxc6 Rd6 35. Bb5 $18) 33.
R1c5 Re8+ $2 {This loses almost without a fight but even the best would not
help black.} (33... Bxa4 34. Rxa5 Bb3 35. Raa7 Rd6 36. Rab7 Re8+ 37. Re7 $18)
34. Kd3 Bxa4 (34... Re1 35. Rxa5 Rbe8 36. Ra8 R1e3+ 37. Kd2 $18) 35. Rxa5 $2 {
White had even a better way to decide the game in his favor.} (35. Bd5 $1 Re1 (
35... Rf8 36. Rxa5 Bb5+ 37. Kd2) 36. Bxf7+ Kf8 37. Bxg6 Bb5+ 38. Rxb5 Rxb5 39.
Rc8+ Ke7 40. Re8+ Kf6 41. Rxe1 Kxg6 42. Kc4 (42. Re5 $2 Rxe5 43. dxe5 a4 44.
Kc4 a3 45. bxa3 bxa3 46. Kb3 Kf5 47. Kxa3 Kxe5 48. Kb3 Ke4 49. Kc4 Kf3 50. Kd5
Kg2 51. Ke5 Kxh2 52. Kf5 Kxg3 53. Kg6 $11) 42... Rf5 43. Re2 $18) 35... Bb5+ $2
{Low on time and loses immediately.} (35... Bb3 36. Raa7 $16) 36. Rxb5 Rxb5 37.
Bc6 Rbb8 {At least this makes black to play some more moves.} (37... Reb8 38.
Bxb5 Rxb5 39. Kc4 {offers no chances even to prolongue the game.}) 38. Bxe8
Rxe8 39. Rb7 $18 f5 (39... Re1 40. Rb8+ Kh7 41. Rxb4 $18 {And with a king on
h7 black is hopeless.}) 40. Rxb4 g5 41. Rb5 g6 $2 {Still playing like a total
moron in rook endings!Sometime after these days I will take a look to rook
endings more than the 3rd World Champion claimed to do about!} (41... Rf8 $1
42. b4 (42. Ke3 $2 f4+ 43. gxf4 gxf4+ 44. Kf3 Rd8 45. d5 g5 46. Kg4 Kf7 {
and things are not that clear.}) 42... f4 43. g4 $1 g6 44. Rc5 $1 f3 45. Rc1
Kf7 (45... f2 46. Rf1 Rb8 47. Rxf2 Rxb4 48. Ke4 $18) 46. Ke3 Ke6 47. Rc6+ (47.
Kf2 Kd5 48. b5 Kxd4 49. b6 Rb8 50. Rb1 Rb7 51. Kxf3 $18) 47... Kd5 48. Rc5+ Kd6
49. Kf2 Rf4 50. Rxg5 $18) 42. b4 Kf7 43. Re5 $1 {Now after this move the win
is a piece of cake because white has achieved protecting his pawns and support
the passers.} Rb8 44. b5 Kf6 45. Rc5 f4 (45... g4 46. Rc6+ Kg5 47. b6) 46. Ke4
Re8+ 47. Re5 Rh8 48. gxf4 $6 {A slight inaccuracy but does not change the
result.} (48. b6 Rxh2 49. gxf4 (49. Rb5 Re2+ 50. Kf3 Re3+ 51. Kf2 Re8 52. b7
Rb8 53. Kf3 Ke6 54. gxf4 gxf4 55. Kxf4 Kd6 56. Kg5 Kc6 57. Rb4 Rxb7 58. d5+ Kc7
59. d6+) 49... Rb2 50. fxg5+ Kf7 51. Kd5 Rxb6 52. Kc5 Ra6 53. d5 $18) 48...
gxf4 49. b6 f3 $8 {I think Predrag missed that but it does not change much.}
50. Kxf3 Rh3+ 51. Ke4 Rb3 52. Kd5 Rxb6 53. Re2 $18 {The proximity of black's
rook to whites d passer makes the position a trivial win for white.} Ra6 54.
Kc5 Ra5+ 55. Kc6 Ra6+ 56. Kb5 {With 4 files to the passer black would be able
to give latteral checks and thus achieve a draw.} Ra3 57. d5 g5 58. d6 Rb3+ 59.
Kc6 Rc3+ 60. Kb7 Kf7 61. d7 Rb3+ 62. Kc7 Rc3+ 63. Kd8 Rc1 {We have a sort of
Lucena situation.} 64. Re7+ Kf8 65. Re5 Rg1 66. Rf5+ Kg7 1-0

[Event "EU-Cup 18th"]
[Site "Kallithea"]
[Date "2002.09.25"]
[Round "4.4"]
[White "Teske, Henrik"]
[Black "Bergstrom, Peter"]
[Result "1-0"]
[WhiteElo "2529"]
[BlackElo "2306"]
[Annotator "Atlas,V"]
[PlyCount "87"]
[EventDate "2002.09.22"]
[EventType "team-swiss"]
[EventRounds "7"]
[EventCountry "GRE"]
[SourceTitle "CBM 092"]
[Source "ChessBase"]
[SourceDate "2003.02.06"]
[SourceVersion "1"]
[SourceVersionDate "2003.02.06"]
[SourceQuality "1"]
[WhiteTeam "Graz Merkur"]
[BlackTeam "Sollentuna"]
[WhiteTeamCountry "AUT"]
[BlackTeamCountry "SWE"]

1. d4 d5 2. Nf3 Nf6 3. c4 c6 4. Nc3 dxc4 5. e3 b5 6. a4 b4 7. Na2 a5 8. Bxc4 e6
9. O-O Be7 10. b3 O-O 11. Bb2 Nbd7 12. Nc1 Bb7 13. Nd3 c5 14. Rc1 Rc8 15. Qe2
Rc7 16. dxc5 Qa8 17. Rfd1 Nxc5 18. Be5 Nxd3 19. Rxd3 Rcc8 20. Rcd1 Rfd8 21. Ne1
Rxd3 22. Rxd3 Ne4 23. Rd4 Bf6 24. Nd3 Rd8 25. f3 Bxe5 26. Nxe5 Rxd4 27. exd4
Nf6 {[%tqu "En","How can White use the superior activity of his pieces?","Play
energetically not to allow Black any time for defence.","Sacrifice your knight
to launch an irresistible attack on the black king.","e5f7","This impressive
sacrifice ruins Black's position.",5]} 28. Nxf7 $1 {[%csl Re6,Rf7,Rg8][%cal
Gc4g8,Ge2e6] After this terrific blow White gets an irresistible attack.} Kxf7
(28... Bd5 {loses after} 29. Ng5) 29. Qxe6+ Kg6 30. Bd3+ Kh6 31. Qh3+ (31. Qe3+
g5 32. Qe7 $1 {was winning as well.}) 31... Nh5 32. g4 Qe8 33. Kf2 Bd5 34. g5+
$1 {The shortest way to the victory.} Kxg5 35. Qf5+ Kh6 36. Qxh7+ Kg5 37. h4+ (
37. f4+ {was winning as well:} Kf6 (37... Nxf4 38. Qf5+) (37... Kh4 38. Bg6 $18
) 38. Qf5+ Ke7 39. Qxd5) 37... Kf6 (37... Kxh4 {fails to} 38. Bg6 {, winning
immediately.}) 38. Qf5+ Ke7 39. Qxd5 Qb8 40. Qxh5 Qh2+ 41. Ke3 Qg1+ 42. Ke4
Qe1+ 43. Kf5 Qe6+ 44. Kf4 1-0

[Event "Governor's Cup"]
[Site "Kramatorsk"]
[Date "2001.10.06"]
[Round "8"]
[White "Moiseenko, Alexander"]
[Black "Ehlvest, Jaan"]
[Result "1-0"]
[WhiteElo "2581"]
[BlackElo "2627"]
[Annotator "Atlas,V"]
[PlyCount "47"]
[EventDate "2001.10.02"]
[EventType "tourn"]
[EventRounds "10"]
[EventCountry "UKR"]
[EventCategory "15"]
[SourceTitle "CBM 086"]
[Source "ChessBase"]
[SourceDate "2002.02.05"]
[SourceVersion "1"]
[SourceVersionDate "2002.02.05"]
[SourceQuality "1"]

1. d4 d5 2. c4 c6 3. Nc3 Nf6 4. e3 a6 5. Nf3 b5 6. cxd5 cxd5 7. Ne5 e6 8. Bd3
Bd6 9. f4 Bb7 10. O-O Nc6 11. Bd2 Ne7 12. a4 b4 13. Na2 a5 14. Bb5+ Kf8 15. Nc1
Ba6 16. Nb3 Ne4 17. Bxa6 Rxa6 18. Qe2 Ra8 19. Rfc1 g6 20. Nc6 Nxc6 21. Rxc6 g5
22. Rac1 gxf4 23. exf4 Qh4 $4 ({A blunder, which loses on the spot.} 23... Qf6
{or 23...Rg8 promised Black a good counterplay.}) {[%tqu "En","Black's queen
thrust was a very bad slip. How can you punish Black for this 'active' move?",
"Exploit a shaky position of the h8-rook.","Sacrifice an exchange to bring
your queen into play.","c6d6","This is simple, but still quite pretty tactics.
",4]} 24. Rxd6 $1 {[%csl Rd6,Rf8,Rh8][%cal Ge2e5,Gc1c7,Ge5d6,Ge5h8]
Vernichtung einer Deckungsfigur , Doppelangriff} (24. Rxd6 {, and Black
resigned, as after} Nxd6 25. Qe5 Ke7 $140 26. Rc7+ {his position is hopeless.})
1-0